Tình hình nhiễm giun tròn ký sinh ở chó và hiệu quả tẩy trừ của một số chế phẩm thuốc tại Thành phố Cần Thơ : Luận văn Thạc sĩ khoa học Nông nghiệp chuyên ngành Thú Y

Xác định tỉ lệ nhiễm, thành phần loài giun tròn ký sinh trên chó. Theo dõi biến đổi chỉ tiêu sinh lý máu ở chó nhiễm giun tròn. Thử nghiệm hiệu quả của một số thuốc tẩy trừ một số loài giun tròn phổ biến ký sinh trên chó tại Thành phố...

Volledige beschrijving

Bewaard in:
Bibliografische gegevens
Hoofdauteur: Lê, Trung Hoàng
Formaat: Boek
Taal:Undetermined
Gepubliceerd in: Cần Thơ Trường Đại học Cần Thơ 2010
Onderwerpen:
Tags: Voeg label toe
Geen labels, Wees de eerste die dit record labelt!
Thư viện lưu trữ: Trung tâm Học liệu Trường Đại học Cần Thơ
LEADER 01355nam a2200217Ia 4500
001 CTU_162962
008 210402s9999 xx 000 0 und d
082 |a 636.7089 
082 |b H407 
088 |a 60640101 
100 |a Lê, Trung Hoàng 
245 0 |a Tình hình nhiễm giun tròn ký sinh ở chó và hiệu quả tẩy trừ của một số chế phẩm thuốc tại Thành phố Cần Thơ : 
245 0 |b Luận văn Thạc sĩ khoa học Nông nghiệp chuyên ngành Thú Y 
245 0 |c Lê Trung Hoàng ; Nguyễn Hữu Hưng (cán bộ hướng dẫn khoa học) 
260 |a Cần Thơ 
260 |b Trường Đại học Cần Thơ 
260 |c 2010 
520 |a Xác định tỉ lệ nhiễm, thành phần loài giun tròn ký sinh trên chó. Theo dõi biến đổi chỉ tiêu sinh lý máu ở chó nhiễm giun tròn. Thử nghiệm hiệu quả của một số thuốc tẩy trừ một số loài giun tròn phổ biến ký sinh trên chó tại Thành phố Cần Thơ. 
650 |a Bệnh ở chó,Dogs diseases,Parasitic diseases,Veterinary medicine,Ký sinh trùng,Thuốc thú y 
904 |i Bạch Trúc 
980 |a Trung tâm Học liệu Trường Đại học Cần Thơ